02791 2200433 4500001002100000005001500021035002000036008004100056020001800097041000800115082001100123084001700134100002000151245010100171260004600272300002700318520146200345650005001807990002501857990002501882990002501907990002501932990002501957990002501982990002502007990002502032990002502057990002502082990002502107990002502132990002502157990002502182990002502207990002502232990002502257990002502282990002502307990002502332INLIS00000000000942120221027121323 a0010-0520009421221027 | | ind  a979-769-150-9 aind a340.56 a340.56 GUN t0 aGunawan Widjaja1 aTransplantasi Trusts :bDalam KUH Perdata, KUHD, dan UU Pasar Modal Indonesia /cGunawan Widjaja aJakarta :bPT RajaGrafindo Persada,c2008 aLii, 656 hlm. ;c21 cm aDijelaskan dalam buku ini dengan sangat tegas bahwa keberadaan pranata serupa trusts ini merupakan hasil dari poses transformasi equity trusts (yang semula berada dalam lapangan equity) menjadi common law trusts (yang tunduk pada aturan common law) pada tradisi hukum Anglo Saxon. Common law trusts ini selanjutnya ditransplantasikan masuk ke dalam negara-negara yang mempunyai tradisi hukum Eropa Kontinenal, kemudian menjadi bagian dari hukum postif negara tersebut. Jadi, sebelum undang-undang khusus mengenai trusts dibentuk, ketentuan-ketentuan mengenai pranata serupa trusts dalam KUH Perdata, KUHD, dan Undang-Undang Pasar Modal bisa menjadi acuan. Hal ini penting sekali diketahui tidak hanya oleh para praktisi dan akademisi hukum, tetapi juga kalangan usahawan yang terlibat dalam berbagai kegiatan pembiayaan (cross-border financing) agar mereka tidak khawatir lagi menggunakan pranata trusts dalam setiap transaksi hukum yang dilakukan. Lebih jelasnya mengenai keberadaan pranata hukum serupa trusts dalam KUH Perdata, KUHD, dan UUPM diuraikan dalam buku ini. Menariknya, buku ini tidak hanya memaparkan transplantasi trusts di Indonesia, tetapi juga di negara-negara lain yang juga menganut Hukum Eropa Kontinental, seperti Provinsi Quebec di Kanada, Negara Bagian Lousiana di Amerika Serikat, Afrika Selatan, Cina, dan lain-lain sebagai perbandingan. Selain itu, buku ini juga mencoba memberikan solusi terhadap keberadaan trusts di Indonesia. 4aCapital market-Law and legislation-Indonesia. a21692/MKRI-P/XI-2011 a21693/MKRI-P/XI-2011 a21694/MKRI-P/XI-2011 a21695/MKRI-P/XI-2011 a21695/MKRI-P/XI-2011 a21692/MKRI-P/XI-2011 a21693/MKRI-P/XI-2011 a21694/MKRI-P/XI-2011 a21694/MKRI-P/XI-2011 a21692/MKRI-P/XI-2011 a21693/MKRI-P/XI-2011 a21695/MKRI-P/XI-2011 a21693/MKRI-P/XI-2011 a21692/MKRI-P/XI-2011 a21694/MKRI-P/XI-2011 a21695/MKRI-P/XI-2011 a21692/MKRI-P/XI-2011 a21693/MKRI-P/XI-2011 a21694/MKRI-P/XI-2011 a21695/MKRI-P/XI-2011